Statistics for Countries that Visit South Korea the Most

Click here to take the quiz!

General Stats

  • This quiz has been taken 125 times
  • The average score is 11 of 12

Answer Stats

Visits Country % Correct
4,169,353China
100%
2,311,447Japan
99%
868,881United States
99%
498,511Thailand
88%
324,740Vietnam
88%
307,641Malaysia
88%
925,616Taiwan
87%
448,702Philippines
87%
230,837Indonesia
86%
270,427Russia
82%
216,170Singapore
79%
176,256Canada
78%

Score Distribution

Percentile by Number Answered

Percent of People with Each Score

Your Score History

You have not taken this quiz